000 00824nam a22002537a 4500
003 UA-OsUOA
001 32006
007 ta
008 20050119b un ||||| |||| 00| 0 ukr d
090 _a141.82
_bВ77
942 _cBK
040 _aUA-OsUOA
_brus
_cUA-OsUOA
_dUA-OsUOA
245 _aВоспоминания о Владимире Ильиче Ленине
_bВ 5 томах
_cРед. М. П.Мчедлов М. Я.Панкратова А. М.Совокин Н. В.Тропкин
_nВоспоминания зарубежных современников
300 _a544 с.
_bІлюстрації
955 _a0
041 _arus
080 _a141.82
260 _aМосква
_bПолитиздат
_c1984
246 3 1 _aТ. 5
_n
044 _aRU
250 _n3-е изд.
650 7 _2UDC
999 _c318443
_d318443